00330 a2200145 4500003000500000005001700005040000900022082001300031100001700044245004000061260003400101300001000135538002900145650001000174Nust20230525112417.0 cNust a823, DOS aEden,Dorothy aThe Vines of YarrabeecDorothy Eden aLondonbHodder and Stroughton a315:p aAlmirah No.58 Shelf No.5 aNovel